| 000 | 00766cam a2200253 a 4500 | ||
|---|---|---|---|
| 001 | 1067291 | ||
| 003 | OSt | ||
| 005 | 20170105113101.0 | ||
| 008 | 901127m19899999pk 000 0 urdo | ||
| 010 | _a 90930165 | ||
| 040 |
_aDLC _cDLC |
||
| 043 | _aa-pk--- | ||
| 050 | 0 | 0 |
_aPK2200.N36115 _bP37 1989 |
| 100 | 0 |
_aNasīm Ḥijāzī, _d1914-1996. |
|
| 245 | 1 | 0 |
_aPardesī darak̲h̲t : _bnāvil / _cNasīm Ḥijāzī. |
| 260 |
_aLāhaur : _bQaumī Kutub K̲h̲ānah, _c1989- |
||
| 300 |
_av. <1- > ; _c23 cm. |
||
| 500 | _aNovel. | ||
| 500 | _aIn Urdu. | ||
| 650 | 0 |
_aPakistan movement _xFiction. |
|
| 906 |
_a7 _bcbc _corignew _d4 _encip _f19 _gy-gencatlg |
||
| 942 |
_2ddc _cBK |
||
| 999 |
_c33053 _d33053 |
||